| 000 | 00398nam a22001697a 4500 | ||
|---|---|---|---|
| 005 | 20230112115920.0 | ||
| 008 | 200316b xxu||||| |||| 00| 0 eng d | ||
| 041 | _aeng | ||
| 082 | _a615.1 | ||
| 100 |
_aZAFAR,RASHEE DUZ _95200 |
||
| 245 | _aPRACTICAL PHARMACOGNOSY | ||
| 250 | _a1st, 1994 | ||
| 260 |
_aDELHI _bCBS _c2019 |
||
| 300 | _a191p, | ||
| 650 |
_aPHARMACY _xB.PHARMA _97083 |
||
| 942 | _cBK | ||
| 999 |
_c6110 _d6108 |
||